| 000 | 01512nam a2200469 i 4500 | ||
|---|---|---|---|
| 001 | 11993 | ||
| 003 | KOSZ 005 | ||
| 005 | 20200303120609.0 | ||
| 008 | 071104s1968 pl a f |000 0 pol | ||
| 015 | _aPB 1968/8936 | ||
| 035 | _a(OCoLC)839057226 | ||
| 040 |
_aWA N _cWA N _dKOSZ 005/EG |
||
| 041 | 1 |
_apol _hgrc |
|
| 046 | _k1968 | ||
| 080 | _a141.131 | ||
| 100 | 1 |
_aLeśniak, Kazimierz _d(1911-1987). _eAutor |
|
| 245 | 1 | 0 |
_aPlaton / _cKazimierz Leśniak. |
| 260 |
_aWarszawa : _bWiedza Powszechna, _c1968. |
||
| 300 |
_a246, [2] s. : _bil. ; _c18 cm. |
||
| 336 |
_2rdacontent _aTekst _btxt |
||
| 337 |
_2rdamedia _aBez urządzenia pośredniczącego _bn |
||
| 338 |
_2rdacarrier _aWolumin _bnc |
||
| 380 | _aKsiążki. | ||
| 388 | _a1901-2000 | ||
| 388 | _a1945-1989 | ||
| 490 | 1 | _aMyśli i Ludzie. | |
| 501 | _aZawiera również: Wybór tekstów / Platon. | ||
| 504 | _aBibliogr. | ||
| 546 | _aTekst częśc. tł. z grec. | ||
| 600 | 0 | 4 |
_aPlaton _d(427-347 p.n.e.) |
| 648 | 7 | _a500-401 p.n.e. | |
| 648 | 7 | _a400-301 p.n.e. | |
| 650 | 7 | _aFilozofia | |
| 650 | 7 | _aHistoria | |
| 651 | _aGrecja | ||
| 658 | _aFilozofia i etyka | ||
| 700 | 0 | 2 |
_aPlaton _d(427-347 p.n.e.). _tWybór tekstów. |
| 710 | 2 |
_aPaństwowe Wydawnictwo Wiedza Powszechna _4pbl. |
|
| 830 | 0 | _aMyśli i Ludzie | |
| 856 |
_uhttp://koha.tu.koszalin.pl/cgi-bin/koha/opac-detail.pl?biblionumber=11993 _yKatalog online BPK |
||
| 942 |
_2UKD _cKS |
||
| 999 |
_c11993 _d11993 |
||